Cidades por satélite #1 - Statistics

Estatísticas Gerais
  • Esse quiz foi jogado 93 vezes
  • A pontuação média é 7 de 15
Estatísticas das Respostas
Imagem Resposta % Correto
Dubai
94%
Veneza
81%
Londres
65%
Istambul
60%
Roma
60%
Mónaco
56%
Singapura
51%
Amesterdão
48%
Chicago
35%
Sydney
31%
Buenos Aires
27%
Xangai
19%
Boston
17%
Detroit
13%
Montreal
8%
Nenhum quiz correspondente encontrado
Distribuição das Pontuações
Porcentagem de Pessoas com Cada Pontuação
Percentil de Números Respondidos
Sua Pontuação Histórica
Você não jogou esse quiz